000 01304cam a22003011i 4500
003 SA-RiAUC
005 20241029123619.0
008 241019s2005 su g 0101m ara c
020 _a9960478270
020 _a9960478277
040 _aSA-JeALM
_bara
_cSA-RiAUC
_erda
050 4 _bA17 2005
082 0 4 _a810.9
_qSA-RiAUC
090 _a810.9
_bج ف ر
100 1 _aالجفري، عبد الله عبد الرحمن،
_d1358-1429 هجري
_eمؤلف.
245 1 2 _aالأعمال الكاملة للأديب الأستاذ عبد الله عبد الرحمن الجفري.
264 1 _aجدة، السعودية :
_bعبد المقصود محمد سعيد خوجة،
_c2009
300 _a6 مجلد ؛
_c24 سم.
336 _aنص
_btxt
_2rdacontent
_3كتاب
337 _aبدون وسيط
_bn
_2rdamedia
338 _aمجلد
_bnc
_2rdacarrier
490 0 _aكتاب الإثنينية ؛
_v32
500 _aصدرت هذه الأعمال بمناسبة مكة المكرمة عاصمة الثقافة الإسلامية.
650 7 _aالأدب العربي
_zالسعودية
_yقرن 14 هجري
_vمجموعات
_2aucsh
650 7 _aالأدب العربي
_zالسعودية
_vمجموعات
_2aucsh
942 _2ddc
_cBOOK
_n0
949 _aSA-JeALM
_d241019
_umohamedma123
_n1
999 _c1548
_d1548